[Event "Rated Blitz game"]
[Site "?"]
[Date "2021.02.24"]
[Round "?"]
[White "Xakespia"]
[Black "annaly1979"]
[Result "0-1"]
[WhiteElo "2402"]
[BlackElo "2393"]
[PlyCount "60"]
[EventDate "2021.??.??"]
[EventType "blitz"]

1. e4 e5 2. Nf3 d5 3. Nxe5 Qe7 4. d4 f6 5. Nd3 Nc6 6. c3 Bf5 7. Be3 Bxe4 8. Nd2
Bf5 9. Be2 Qf7 10. O-O Bd6 11. Re1 Nge7 12. Bf1 O-O 13. Bf4 Bxd3 14. Bxd6 Bxf1
15. Bxe7 Nxe7 16. Nxf1 c6 17. Qb3 Rab8 18. Re2 Ng6 19. Rae1 Nf4 20. Re7 Qg6 21.
Ng3 Nd3 22. R1e2 Nf4 23. Re1 b5 24. Qd1 h5 25. Qf3 Nd3 26. R1e2 b4 27. Nf5 bxc3
28. b3 c2 29. Rxc2 Ne1 30. Qd3 Qxg2# {Normal} 0-1

[Event "Rated Blitz game"]
[Site "?"]
[Date "2021.02.24"]
[Round "?"]
[White "girafik"]
[Black "Monkey_King"]
[Result "0-1"]
[WhiteElo "2495"]
[BlackElo "2549"]
[PlyCount "40"]
[EventDate "2021.??.??"]
[EventType "blitz"]

1. e4 e5 2. Nf3 d5 3. Nxe5 dxe4 4. Nc3 Bd6 5. Nc4 f5 6. Be2 Nf6 7. O-O O-O 8.
Nxd6 cxd6 9. f3 Nc6 10. d3 Qb6+ 11. Kh1 e3 12. f4 Re8 13. Bf3 Bd7 14. Ne2 Nd4
15. c3 Nxf3 16. gxf3 Bc6 17. Qb3+ Qxb3 18. axb3 Ng4 19. Kg1 Nf2 20. d4 Bxf3 {
Normal} 0-1

[Event "Rated Blitz game"]
[Site "?"]
[Date "2021.02.24"]
[Round "?"]
[White "Josipan_81"]
[Black "Jenlen3001"]
[Result "1-0"]
[WhiteElo "2505"]
[BlackElo "2595"]
[PlyCount "147"]
[EventDate "2021.??.??"]
[EventType "blitz"]

1. e4 e5 2. Nf3 d5 3. exd5 e4 4. Qe2 Nf6 5. d3 Qxd5 6. Nbd2 Bb4 7. c3 Be7 8.
dxe4 Qh5 9. Nd4 Qg6 10. e5 Nd5 11. Qf3 c6 12. Bd3 Qg4 13. Qxg4 Bxg4 14. h3 Nf4
15. Be4 Bh5 16. Nc4 Ne6 17. Nf5 Bg6 18. Nfd6+ Kd7 19. Bxg6 fxg6 20. Nxb7 Kc7
21. Nbd6 Nd7 22. f4 Rhf8 23. g3 g5 24. O-O gxf4 25. gxf4 Rab8 26. b3 Nec5 27.
Be3 g5 28. f5 Nxe5 29. Bxc5 Nxc4 30. bxc4 Bxd6 31. Bxd6+ Kxd6 32. Rad1+ Kc5 33.
f6 Rf7 34. Rd4 h6 35. Rf5+ Kb6 36. c5+ Kc7 37. Rd6 Rb2 38. Re5 Rxa2 39. Kf1 Ra4
40. Ke2 Rf4 41. Ree6 h5 42. Ke3 Rf1 43. Ke2 Rf5 44. Rxc6+ Kb7 45. Kd3 g4 46.
hxg4 hxg4 47. Rcd6 Rxc5 48. Ke4 g3 49. Re7+ Rc7 50. Rxf7 Rxf7 51. Kf5 g2 52.
Rd1 Rc7 53. Rg1 Rxc3 54. Rxg2 Rf3+ 55. Ke6 Kb6 56. Rg5 Re3+ 57. Re5 Rc3 58. f7
Rc6+ 59. Kf5 Rc8 60. Re8 Rc1 61. f8=Q Rf1+ 62. Ke4 Re1+ 63. Kd3 Rd1+ 64. Kc2
Rd5 65. Qb4+ Kc6 66. Rc8+ Kd7 67. Qb8 Ke6 68. Rc6+ Kf5 69. Qc8+ Ke4 70. Kb3
Rd3+ 71. Kb4 Rd4+ 72. Rc4 Rxc4+ 73. Qxc4+ Ke5 74. Qa6 {Time forfeit} 1-0

[Event "Rated Rapid game"]
[Site "?"]
[Date "2021.02.24"]
[Round "?"]
[White "t_tamas"]
[Black "Mcfcgoater"]
[Result "1-0"]
[WhiteElo "2404"]
[BlackElo "2326"]
[PlyCount "57"]
[EventDate "2021.??.??"]
[EventType "rapid"]

1. e4 e5 2. Nf3 d5 3. exd5 Bd6 4. Nc3 Nf6 5. Bb5+ c6 6. dxc6 Nxc6 7. O-O O-O 8.
d3 Nd4 9. Nxd4 exd4 10. Ne4 a6 11. Nxd6 Qxd6 12. Bc4 Ng4 13. g3 Ne5 14. Bf4 Qf6
15. Bxe5 Qxe5 16. Re1 Qc5 17. Qf3 Bf5 18. Qf4 Rae8 19. b4 Rxe1+ 20. Rxe1 Qxb4
21. Re5 Bg6 22. h4 h5 23. Qxd4 Qb1+ 24. Kg2 Qxc2 25. Rg5 Kh7 26. Qc5 Re8 27.
Rxh5+ Kg8 28. Bxf7+ Bxf7 29. Qxc2 {Normal} 1-0

[Event "Rated Blitz game"]
[Site "?"]
[Date "2021.02.24"]
[Round "?"]
[White "Chess289"]
[Black "Fantastic_power06"]
[Result "1-0"]
[WhiteElo "2443"]
[BlackElo "2639"]
[PlyCount "147"]
[EventDate "2021.??.??"]
[EventType "blitz"]

1. e4 e5 2. Nf3 d5 3. exd5 e4 4. Qe2 Nf6 5. d3 Qxd5 6. dxe4 Qxe4 7. Qxe4+ Nxe4
8. Bd3 Nc5 9. Be2 Bf5 10. Nd4 Bg6 11. Nc3 Bd6 12. Be3 O-O 13. O-O-O a6 14. Bf3
Nbd7 15. h4 h6 16. Nb3 Nxb3+ 17. axb3 Ne5 18. Be4 Bxe4 19. Nxe4 Be7 20. Bf4 Ng4
21. Rd7 f5 22. Rxe7 fxe4 23. Bg3 Nxf2 24. Bxf2 Rxf2 25. Re1 Rxg2 26. R1xe4 Rd8
27. Kb1 Rd1+ 28. Ka2 Rd5 29. b4 a5 30. Rxc7 axb4 31. Rxb4 b5 32. Rb7 Rxc2 33.
R7xb5 Rdd2 34. Rg4 Rd7 35. h5 Rh2 36. Ka3 Ra7+ 37. Ra4 Re7 38. Rg4 Kh7 39. b3
Rh1 40. Kb4 Rhe1 41. Rb6 R1e5 42. Rb5 Rxb5+ 43. Kxb5 Re5+ 44. Kc6 Rxh5 45. b4
Rh1 46. b5 Rc1+ 47. Kd7 h5 48. Rg5 Kh6 49. Rd5 g5 50. b6 g4 51. b7 Rb1 52. Rd6+
Kg5 53. Rd5+ Kh4 54. Kc7 Rxb7+ 55. Kxb7 Kg3 56. Kc6 h4 57. Rd3+ Kg2 58. Rd2+
Kg3 59. Rd1 h3 60. Rd4 h2 61. Rd3+ Kg2 62. Rd2+ Kh3 63. Rd1 g3 64. Rd2 g2 65.
Rd3+ Kg4 66. Rd4+ Kf3 67. Rd5 Kf2 68. Rd4 Kg1 69. Re4 h1=Q 70. Rf4 Qh2 71. Rf3
Kh1 72. Re3 g1=Q 73. Re5 Qgg2+ 74. Rd5 {Time forfeit} 1-0

[Event "Rated Blitz game"]
[Site "?"]
[Date "2021.02.24"]
[Round "?"]
[White "Corrrnell"]
[Black "KamranShirazi"]
[Result "0-1"]
[WhiteElo "2339"]
[BlackElo "2507"]
[PlyCount "60"]
[EventDate "2021.??.??"]
[EventType "blitz"]

1. e4 e5 2. Nf3 d5 3. d4 dxe4 4. Nxe5 Nd7 5. Nxd7 Bxd7 6. Nc3 f5 7. Bc4 Nf6 8.
Bg5 h6 9. Bf4 Bd6 10. Bxd6 cxd6 11. O-O Bc6 12. Be6 g6 13. d5 Bd7 14. Bxd7+
Qxd7 15. f3 exf3 16. Re1+ Kf7 17. Qxf3 Rae8 18. Re6 Rxe6 19. dxe6+ Kxe6 20. Nd5
Ne4 21. Nf4+ Kf7 22. Qb3+ Kg7 23. Rd1 Re8 24. Qd5 h5 25. h4 Qe7 26. Qd4+ Kh7
27. g3 Nxg3 28. Kf2 Qxh4 29. Kf3 Qg4+ 30. Kf2 Ne4+ {Normal} 0-1

[Event "Rated Blitz game"]
[Site "?"]
[Date "2021.02.24"]
[Round "?"]
[White "khojayan-vardan"]
[Black "Monkey_King"]
[Result "0-1"]
[WhiteElo "2470"]
[BlackElo "2543"]
[PlyCount "90"]
[EventDate "2021.??.??"]
[EventType "blitz"]

1. e4 e5 2. Nf3 d5 3. Nxe5 dxe4 4. d4 Bd6 5. Bc4 Bxe5 6. dxe5 Qxd1+ 7. Kxd1 Nc6
8. Bf4 Bg4+ 9. Kc1 O-O-O 10. Nc3 Nge7 11. h3 Bh5 12. g4 Bg6 13. Re1 h5 14. b3
hxg4 15. hxg4 Rh4 16. e6 f6 17. Kb2 Rxg4 18. Bg3 a6 19. Rad1 Nd4 20. Ne2 Ndc6
21. Rxd8+ Nxd8 22. Nf4 Bf5 23. Be2 g5 24. Bxg4 Bxg4 25. Ng2 Bf3 26. Ne3 Nxe6
27. c4 f5 28. Be5 f4 29. Nd5 Nxd5 30. cxd5 Nc5 31. Bc3 Nd3+ 32. Kc2 Nxf2 33.
Bd4 Nd3 34. Rg1 g4 35. Kd2 g3 36. Rf1 g2 37. Rxf3 Nb4 38. Rxf4 Nxd5 39. Rf8+
Kd7 40. Rg8 e3+ 41. Bxe3 Nf6 42. Rxg2 Ne4+ 43. Kd3 Nd6 44. Bf4 Kc6 45. Rg7 Nb5
{Time forfeit} 0-1

[Event "Rated Blitz game"]
[Site "?"]
[Date "2021.02.24"]
[Round "?"]
[White "volvoxglobator"]
[Black "annaly1979"]
[Result "0-1"]
[WhiteElo "2405"]
[BlackElo "2393"]
[PlyCount "38"]
[EventDate "2021.??.??"]
[EventType "blitz"]

1. e4 e5 2. Nf3 d5 3. Nxe5 Qe7 4. d4 f6 5. Qh5+ g6 6. Nxg6 Qxe4+ 7. Be3 Qxg6 8.
Qxd5 Ne7 9. Qb3 Nbc6 10. Nd2 Bf5 11. O-O-O O-O-O 12. Bb5 a6 13. Bc4 Na5 14.
Be6+ Kb8 15. Bxf5 Nxb3+ 16. axb3 Nxf5 17. Rhe1 Nxe3 18. Rxe3 Bh6 19. Rd3 Qxg2 {
Normal} 0-1

[Event "Rated Blitz game"]
[Site "?"]
[Date "2021.02.24"]
[Round "?"]
[White "Monkey_King"]
[Black "KamranShirazi"]
[Result "1/2-1/2"]
[WhiteElo "2585"]
[BlackElo "2526"]
[PlyCount "96"]
[EventDate "2021.??.??"]
[EventType "blitz"]

1. e4 e5 2. Nf3 d5 3. Nxe5 Bd6 4. d4 dxe4 5. Bc4 Bxe5 6. Qh5 Qe7 7. Qxe5 Qxe5
8. dxe5 Nc6 9. Nc3 Nxe5 10. Bb3 Bf5 11. Bf4 f6 12. O-O-O c6 13. Rhe1 Rd8 14.
Rxd8+ Kxd8 15. Nxe4 Bxe4 16. Rxe4 Ng6 17. Rd4+ Ke8 18. Bc7 Ke7 19. Rd8 Nh6 20.
Rxh8 Nxh8 21. h3 N8f7 22. Bf4 Nf5 23. Kd2 g5 24. Bb8 a6 25. c3 N5d6 26. Bc2 h6
27. b3 Ne5 28. Ba7 Nb5 29. Bc5+ Nd6 30. a4 Nd7 31. Be3 b5 32. axb5 axb5 33. g3
Ne5 34. f4 Nd7 35. fxg5 fxg5 36. h4 gxh4 37. gxh4 h5 38. Bg6 Nf6 39. Bg5 Ke6
40. Ke3 Nf5+ 41. Bxf5+ Kxf5 42. Bxf6 Kxf6 43. Kf4 c5 44. c4 b4 45. Ke4 Ke6 46.
Kf4 Kf6 47. Ke4 Ke6 48. Kf4 Kf6 {Normal} 1/2-1/2

[Event "Rated Blitz game"]
[Site "?"]
[Date "2021.02.24"]
[Round "?"]
[White "Monkey_King"]
[Black "KamranShirazi"]
[Result "0-1"]
[WhiteElo "2595"]
[BlackElo "2516"]
[PlyCount "78"]
[EventDate "2021.??.??"]
[EventType "blitz"]

1. e4 e5 2. Nf3 d5 3. exd5 e4 4. Qe2 f5 5. Nd4 Qxd5 6. Nb3 Nf6 7. Nc3 Qf7 8. d3
Bb4 9. Bd2 O-O 10. O-O-O Nc6 11. dxe4 Bxc3 12. Bxc3 Nxe4 13. Be1 Be6 14. f3 Nd6
15. Qf2 Rfe8 16. Bc3 Bc4 17. h4 Bxf1 18. Qxf1 a5 19. Kb1 Nb4 20. Nc1 Rad8 21.
h5 Nd5 22. Bd4 h6 23. g4 fxg4 24. fxg4 Qxf1 25. Rhxf1 Re4 26. Rg1 Nb5 27. c4
Nxd4 28. cxd5 Rxd5 29. Nb3 a4 30. Nd2 Re2 31. Nf3 c5 32. Nxd4 cxd4 33. Rg3 Rb5
34. b3 a3 35. Rxd4 Rb2+ 36. Kc1 Re5 37. Rgd3 Rxa2 38. Rd8+ Kh7 39. R8d7 Ree2 {
Normal} 0-1

[Event "Rated Blitz game"]
[Site "?"]
[Date "2021.02.24"]
[Round "?"]
[White "fonso96"]
[Black "annaly1979"]
[Result "1-0"]
[WhiteElo "2414"]
[BlackElo "2402"]
[PlyCount "65"]
[EventDate "2021.??.??"]
[EventType "blitz"]

1. e4 e5 2. Nf3 d5 3. Nxe5 Qe7 4. d4 f6 5. Nf3 Nc6 6. e5 fxe5 7. dxe5 Nxe5 8.
Nxe5 Qxe5+ 9. Qe2 Bd6 10. Qxe5+ Bxe5 11. Bd3 Nf6 12. O-O O-O 13. Nc3 c6 14. h3
Bxc3 15. bxc3 Nd7 16. Re1 Nc5 17. Bf1 Ne4 18. c4 Nxf2 19. cxd5 cxd5 20. c4 Ne4
21. cxd5 Ng3 22. Bc4 Bd7 23. d6+ Kh8 24. Re7 Rad8 25. Bb2 Nf5 26. Rae1 b5 27.
Bb3 a5 28. g4 a4 29. Bd5 Nxe7 30. dxe7 Rfe8 31. exd8=Q Rxd8 32. Re7 Bc6 33.
Bxg7# {Normal} 1-0

[Event "Titled Tuesday 23rd Feb"]
[Site "chess.com INT"]
[Date "2021.02.23"]
[Round "10"]
[White "Cadilhac, Igor Tokuichi Kikuc"]
[Black "Christensen, Thom2"]
[Result "1-0"]
[WhiteElo "2323"]
[BlackElo "2154"]
[PlyCount "95"]
[EventDate "2021.02.23"]
[SourceTitle "The Week in Chess 1373"]
[Source "Mark Crowther"]
[SourceDate "2021.03.01"]
[SourceVersion "1"]
[SourceVersionDate "2021.03.01"]
[SourceQuality "2"]

1. e4 e5 2. Nf3 d5 3. Nc3 dxe4 4. Nxe4 f5 5. Ng3 e4 6. Ng1 Be6 7. d3 exd3 8.
Bxd3 g6 9. Nf3 Bg7 10. O-O Ne7 11. Re1 Bd5 12. Bg5 Nbc6 13. Bb5 Bf8 14. Qd4 Rg8
15. Qh4 Rg7 16. Rad1 Qd6 17. c4 O-O-O 18. cxd5 Nb4 19. Nd4 Nbxd5 20. Ne6 Rf7
21. Nxd8 Kxd8 22. Bc4 c6 23. Qd4 Bg7 24. Qxa7 Kc7 25. Bxe7 Rxe7 26. Qa5+ Kc8
27. Bxd5 cxd5 28. Rc1+ Kb8 29. Rxe7 Qxe7 30. Qxd5 Bxb2 31. Rd1 Qa3 32. Qd6+
Qxd6 33. Rxd6 Be5 34. Rd7 h5 35. Nf1 Ka7 36. Nd2 Ka6 37. Nc4 Bc3 38. Ne3 b5 39.
Nd5 Bb2 40. Rd6+ Ka5 41. Rxg6 b4 42. Rg5 Ka4 43. Rxf5 Bc3 44. Rxh5 Ka3 45. Nxc3
bxc3 46. Rc5 Kb2 47. h4 c2 48. h5 1-0

[Event "Titled Tuesday 23rd Feb"]
[Site "chess.com INT"]
[Date "2021.02.23"]
[Round "10"]
[White "Zakharov, AS.."]
[Black "Aabling Thomsen, J.."]
[Result "0-1"]
[WhiteElo "2428"]
[BlackElo "2348"]
[PlyCount "100"]
[EventDate "2021.02.23"]

1. e4 e5 2. Nf3 d5 3. Nxe5 Bd6 4. d4 dxe4 5. Bc4 Bxe5 6. Qh5 Qe7 7. Qxe5 Qxe5
8. dxe5 Nc6 9. Bf4 Nge7 10. e6 Bxe6 11. Bxe6 fxe6 12. Bxc7 Rc8 13. Bd6 Nd4 14.
Na3 Nxc2+ 15. Nxc2 Rxc2 16. Be5 Nc6 17. Bc3 e3 18. O-O exf2+ 19. Rxf2 Rxf2 20.
Kxf2 Rf8+ 21. Ke3 g6 22. a4 Rf5 23. g4 Rd5 24. a5 a6 25. Ra4 Rb5 26. Re4 Ke7
27. b4 e5 28. Kd3 Ke6 29. Kc4 Rd5 30. h4 Na7 31. h5 Nb5 32. Re3 Nxc3 33. Kxc3
Rd4 34. hxg6 hxg6 35. Rg3 g5 36. Kb3 Kd5 37. Rc3 Rxg4 38. Rc7 Rg3+ 39. Ka4 e4
40. Rxb7 e3 41. Re7 Kd4 42. b5 axb5+ 43. Kxb5 Rg1 44. a6 Rb1+ 45. Kc6 Ra1 46.
Kb6 Kd3 47. Re5 e2 48. Rd5+ Ke4 49. Ra5 Rxa5 50. Kxa5 e1=Q+ 0-1

[Event "Titled Tuesday 23rd Feb"]
[Site "chess.com INT"]
[Date "2021.02.23"]
[Round "9"]
[White "Golizadeh, A.."]
[Black "Locci, D.."]
[Result "1-0"]
[WhiteElo "2455"]
[BlackElo "2216"]
[PlyCount "57"]
[EventDate "2021.02.23"]

1. e4 e5 2. Nf3 d5 3. exd5 e4 4. Qe2 Nf6 5. d3 Be7 6. dxe4 O-O 7. Nc3 Re8 8.
Qd1 Bb4 9. Bd3 Nxe4 10. O-O Nxc3 11. bxc3 Bxc3 12. Bxh7+ Kxh7 13. Ng5+ Kg6 14.
Qd3+ Bf5 15. Qxc3 Qxd5 16. Qxc7 Na6 17. Qg3 f6 18. c4 Qxc4 19. Ne4+ Kh7 20. Nd6
Qg4 21. Nxe8 Rxe8 22. Qxg4 Bxg4 23. Be3 b6 24. Rac1 Re7 25. h3 Be6 26. Rfe1
Bxa2 27. Ra1 Bc4 28. Rec1 Bd3 29. Rc3 1-0

[Event "Titled Tuesday 23rd Feb"]
[Site "chess.com INT"]
[Date "2021.02.23"]
[Round "8"]
[White "Paiva, Henrique M A Alberg"]
[Black "Ambartsumova, K."]
[Result "0-1"]
[WhiteElo "2065"]
[BlackElo "2382"]
[PlyCount "84"]
[EventDate "2021.02.23"]
[SourceTitle "The Week in Chess 1373"]
[Source "Mark Crowther"]
[SourceDate "2021.03.01"]
[SourceVersion "1"]
[SourceVersionDate "2021.03.01"]
[SourceQuality "2"]

1. e4 e5 2. Nf3 d5 3. exd5 e4 4. Nd4 Qxd5 5. Nb3 f5 6. Nc3 Qe5 7. Be2 Nf6 8. d4
Qe6 9. Bf4 Bd6 10. Qd2 O-O 11. O-O-O Bxf4 12. Qxf4 c6 13. h3 a5 14. Nc5 Qe7 15.
Bc4+ Kh8 16. a4 b6 17. Nb3 Na6 18. Bxa6 Rxa6 19. d5 cxd5 20. Nxd5 Nxd5 21. Rxd5
Be6 22. Re5 Qf7 23. Nd4 Bd7 24. Rd1 Raa8 25. Kb1 Rac8 26. Nb5 Bxb5 27. Rxb5 Qc4
28. Qd2 Qxa4 29. Rxb6 Qc4 30. Rb7 a4 31. Rb4 Qc6 32. c3 a3 33. bxa3 h6 34. Kb2
Ra8 35. Qd7 Qa6 36. a4 Qe2+ 37. Rd2 Qf1 38. Rb7 Rg8 39. Qxf5 Rxa4 40. Kb3 Qc4+
41. Kc2 Ra2+ 42. Rb2 Qa4+ 0-1

[Event "Titled Tuesday 23rd Feb"]
[Site "chess.com INT"]
[Date "2021.02.23"]
[Round "8"]
[White "Goltsev, Dmitry"]
[Black "Skatchkov, Valery"]
[Result "1-0"]
[WhiteElo "2312"]
[BlackElo "2283"]
[PlyCount "141"]
[EventDate "2021.02.23"]
[SourceTitle "The Week in Chess 1373"]
[Source "Mark Crowther"]
[SourceDate "2021.03.01"]
[SourceVersion "1"]
[SourceVersionDate "2021.03.01"]
[SourceQuality "2"]

1. e4 e5 2. Nf3 d5 3. exd5 e4 4. Nd4 Qxd5 5. Nb3 Qe5 6. Nc3 Nf6 7. Qe2 Bd6 8.
d4 exd3 9. Qxe5+ Bxe5 10. Bxd3 Bxc3+ 11. bxc3 O-O 12. Bg5 Re8+ 13. Kd2 Nc6 14.
Rhe1 Be6 15. Nc5 Bd5 16. f3 b6 17. Na6 Rac8 18. Bxf6 Rxe1 19. Rxe1 gxf6 20. c4
Be6 21. Kc3 Na5 22. f4 f5 23. Re5 c5 24. Bxf5 Bxf5 25. Rxf5 Rd8 26. Nc7 Rd4 27.
Nd5 Rxc4+ 28. Kb2 Rd4 29. Nf6+ Kg7 30. Nh5+ Kf8 31. g4 Nc4+ 32. Kc3 Ne3 33. Rg5
a5 34. a3 a4 35. Kb2 Nc4+ 36. Kc3 Nxa3 37. Nf6 Nb5+ 38. Kb2 a3+ 39. Ka2 Rd2 40.
Kb3 c4+ 41. Kxc4 a2 42. Rg8+ Ke7 43. Ra8 Nd6+ 44. Kc3 a1=Q+ 45. Rxa1 Rxh2 46.
g5 Ke6 47. Re1+ Kf5 48. Nd5 Rh3+ 49. Kb4 Rh2 50. Re5+ Kg4 51. c4 Nf5 52. Re1
Rb2+ 53. Kc3 Rg2 54. Re5 Rg3+ 55. Kb4 Rg2 56. Rxf5 Kxf5 57. Ne3+ Kxf4 58. Nxg2+
Kxg5 59. Kb5 Kg4 60. Kxb6 Kg3 61. Ne3 h5 62. c5 h4 63. Nf5+ Kg4 64. Nxh4 Kxh4
65. c6 f5 66. c7 f4 67. c8=Q f3 68. Qc1 Kg3 69. Qf1 f2 70. Kc5 Kh2 71. Qxf2+
1-0

[Event "Titled Tuesday 23rd Feb"]
[Site "chess.com INT"]
[Date "2021.02.23"]
[Round "5"]
[White "Liyanage, Ranindu Dilshan"]
[Black "Gadimbayli, Abdulla"]
[Result "0-1"]
[WhiteElo "2178"]
[BlackElo "2470"]
[PlyCount "46"]
[EventDate "2021.02.23"]
[SourceTitle "The Week in Chess 1373"]
[Source "Mark Crowther"]
[SourceDate "2021.03.01"]
[SourceVersion "1"]
[SourceVersionDate "2021.03.01"]
[SourceQuality "2"]

1. e4 e5 2. Nf3 d5 3. Nxe5 Bd6 4. d4 dxe4 5. Nc4 Nf6 6. Nc3 O-O 7. Be2 Nc6 8.
Bg5 Bf5 9. Qd2 Be7 10. O-O-O Nd5 11. Bxe7 Ncxe7 12. g4 Nxc3 13. Qxc3 Nd5 14.
Qg3 Be6 15. h4 a5 16. Kb1 a4 17. a3 b5 18. Ne5 b4 19. Bc4 Qd6 20. Ka1 f6 21. f4
exf3 22. Rhe1 fxe5 23. dxe5 Qc5 0-1

[Event "Titled Tuesday 23rd Feb"]
[Site "chess.com INT"]
[Date "2021.02.23"]
[Round "4"]
[White "Davtyan, David Arm."]
[Black "Skatchkov, Valery"]
[Result "0-1"]
[WhiteElo "2312"]
[BlackElo "2283"]
[PlyCount "60"]
[EventDate "2021.02.23"]
[SourceTitle "The Week in Chess 1373"]
[Source "Mark Crowther"]
[SourceDate "2021.03.01"]
[SourceVersion "1"]
[SourceVersionDate "2021.03.01"]
[SourceQuality "2"]

1. e4 e5 2. Nf3 d5 3. Nc3 d4 4. Ne2 Bd6 5. d3 c5 6. g3 Nc6 7. Bg2 Nge7 8. O-O
O-O 9. Nh4 Be6 10. f4 f6 11. f5 Bf7 12. g4 b5 13. g5 Kh8 14. Ng3 c4 15. g6 Bg8
16. Qh5 Nb4 17. Bh6 Nxc2 18. Qg4 hxg6 19. Bxg7+ Kxg7 20. fxg6 Ne3 21. Nh5+ Kh6
22. Qh3 Kxh5 23. Nf5+ Kxg6 24. Qh6+ Kf7 25. Qg7+ Ke8 26. Nh6 Nxg2 27. Rxf6 Rxf6
28. Qxf6 Kd7 29. Kxg2 Be6 30. Kf2 Qf8 0-1

[Event "Titled Tuesday 23rd Feb"]
[Site "chess.com INT"]
[Date "2021.02.23"]
[Round "3"]
[White "Siva, Mahadevan"]
[Black "Greet, A."]
[Result "1-0"]
[WhiteElo "2349"]
[BlackElo "2417"]
[PlyCount "83"]
[EventDate "2021.02.23"]
[SourceTitle "The Week in Chess 1373"]
[Source "Mark Crowther"]
[SourceDate "2021.03.01"]
[SourceVersion "1"]
[SourceVersionDate "2021.03.01"]
[SourceQuality "2"]

1. e4 e5 2. Nf3 d5 3. exd5 Bd6 4. d4 e4 5. Ne5 Nf6 6. c4 c5 7. dxc6 Nxc6 8.
Nxc6 bxc6 9. Be2 Rb8 10. O-O O-O 11. Nc3 Qc7 12. h3 Bf5 13. b3 Qd7 14. f4 exf3
15. Bxf3 Bg6 16. Bg5 Bc7 17. Bxf6 gxf6 18. Ne2 Rfe8 19. c5 Re3 20. Qd2 Rbe8 21.
Rae1 Bb8 22. Kf2 Rd3 23. Qh6 Rxd4 24. Bxc6 Rxe2+ 25. Rxe2 Qxc6 26. Rfe1 Be5 27.
Qc1 Rf4+ 28. Kg1 Bd4+ 29. Kh2 Be5 30. Kg1 Rd4 31. a3 a5 32. Qc3 Rd3 33. Qxa5
Bd4+ 34. Kh2 Be5+ 35. Kg1 Bd4+ 36. Kh2 Bxc5 37. b4 Bd6+ 38. Kg1 Qc3 39. Qa8+
Kg7 40. Re8 Rxh3 41. gxh3 Qg3+ 42. Qg2 1-0

[Event "Titled Tuesday 23rd Feb"]
[Site "chess.com INT"]
[Date "2021.02.23"]
[Round "2"]
[White "Obregon Garcia, Roxangel"]
[Black "Greet, A."]
[Result "0-1"]
[WhiteElo "2167"]
[BlackElo "2417"]
[PlyCount "38"]
[EventDate "2021.02.23"]
[SourceTitle "The Week in Chess 1373"]
[Source "Mark Crowther"]
[SourceDate "2021.03.01"]
[SourceVersion "1"]
[SourceVersionDate "2021.03.01"]
[SourceQuality "2"]

1. e4 e5 2. Nf3 d5 3. Nxe5 Bd6 4. d4 dxe4 5. Bc4 Bxe5 6. Qh5 Qe7 7. Qxe5 Qxe5
8. dxe5 Nc6 9. Bf4 Nge7 10. e6 Bxe6 11. Bxe6 fxe6 12. Bxc7 Rc8 13. Bf4 Nd5 14.
Bd2 Nd4 15. Na3 Nxc2+ 16. Nxc2 Rxc2 17. Rd1 Rxb2 18. O-O Rxa2 19. Rfe1 Ra4 0-1

[Event "Titled Tuesday 23rd Feb"]
[Site "chess.com INT"]
[Date "2021.02.23"]
[Round "2"]
[White "Abdulla, Murad"]
[Black "Gadimbayli, Abdulla"]
[Result "0-1"]
[WhiteElo "2287"]
[BlackElo "2470"]
[PlyCount "78"]
[EventDate "2021.02.23"]
[SourceTitle "The Week in Chess 1373"]
[Source "Mark Crowther"]
[SourceDate "2021.03.01"]
[SourceVersion "1"]
[SourceVersionDate "2021.03.01"]
[SourceQuality "2"]

1. e4 e5 2. Nf3 d5 3. Nxe5 Bd6 4. d4 dxe4 5. Nc4 Nf6 6. Nc3 O-O 7. Be2 Nc6 8.
d5 Ne5 9. Nxd6 Qxd6 10. O-O Bf5 11. Nb5 Qxd5 12. Nxc7 Qxd1 13. Bxd1 Rad8 14.
Nb5 a6 15. Nc3 h6 16. b3 Nc6 17. Bb2 Rd2 18. Bc1 Rd7 19. Bf4 Rfd8 20. Be2 Nd4
21. Bd1 b5 22. Ne2 Ne6 23. Be5 Ng4 24. Bc3 e3 25. Ng3 exf2+ 26. Kh1 Ne3 27.
Nxf5 Nxf1 28. Be2 Ne3 29. Nxe3 Nf4 30. Bf1 Nd5 31. Nxd5 Rxd5 32. g3 Rc8 33. Ba5
Rxc2 34. Kg2 Rf5 35. a4 bxa4 36. bxa4 Rxa5 37. Bd3 Rd2 38. Be4 Re5 39. Bf3 Re1
0-1

[Event "Rated Blitz game"]
[Site "?"]
[Date "2021.02.23"]
[Round "?"]
[White "Pavelkost87"]
[Black "JHUNJiGz"]
[Result "1-0"]
[WhiteElo "2456"]
[BlackElo "2371"]
[PlyCount "39"]
[EventDate "2021.??.??"]
[EventType "blitz"]

1. e4 e5 2. Nf3 d5 3. exd5 e4 4. Qe2 Nf6 5. d3 Qxd5 6. Nc3 Bb4 7. Bd2 Bxc3 8.
Bxc3 O-O 9. dxe4 Nxe4 10. Rd1 Qf5 11. Nd4 Qg6 12. Qe3 Re8 13. Be2 c5 14. Nb5
Nf6 15. Qg3 Qxc2 16. O-O Nbd7 17. Bd3 Qa4 18. Nc7 Rb8 19. Nxe8 Nxe8 20. Rfe1 {
Normal} 1-0

[Event "Rated Blitz game"]
[Site "?"]
[Date "2021.02.23"]
[Round "?"]
[White "joseag1303"]
[Black "Chesspirate_Channel"]
[Result "1-0"]
[WhiteElo "2427"]
[BlackElo "2378"]
[PlyCount "37"]
[EventDate "2021.??.??"]
[EventType "blitz"]

1. e4 e5 2. Nf3 d5 3. exd5 e4 4. Qe2 Nf6 5. Nc3 Be7 6. Nxe4 O-O 7. Nxf6+ Bxf6
8. Qd1 Qxd5 9. Be2 Nc6 10. O-O Bg4 11. h3 Bh5 12. c3 Rfe8 13. d4 Rad8 14. Be3
Ne7 15. Re1 Nf5 16. Bf4 Rd7 17. Bc4 Rxe1+ 18. Qxe1 Qd6 19. Qe8+ {Normal} 1-0

[Event "Rated Rapid game"]
[Site "?"]
[Date "2021.02.23"]
[Round "?"]
[White "rambo03"]
[Black "Musfer123"]
[Result "0-1"]
[WhiteElo "2267"]
[BlackElo "2466"]
[PlyCount "98"]
[EventDate "2021.??.??"]
[EventType "rapid"]

1. e4 e5 2. Nf3 d5 3. d4 exd4 4. Qxd4 Nc6 5. Qxd5 Qxd5 6. exd5 Nb4 7. Na3 Nxd5
8. Bc4 Ngf6 9. O-O Bxa3 10. bxa3 O-O 11. Bb2 Re8 12. Rfe1 Bg4 13. Ne5 Bf5 14.
Bb3 Rad8 15. f3 c5 16. Nc4 b5 17. Rxe8+ Nxe8 18. Na5 c4 19. Nxc4 bxc4 20. Bxc4
Bxc2 21. Rc1 Bg6 22. Rd1 Nec7 23. Be5 Re8 24. Bg3 Ne3 25. Rd7 Nxc4 26. Rxc7
Nxa3 27. Rxa7 Nb5 28. Ra5 Nc3 29. Bd6 Ne2+ 30. Kf2 Nd4 31. a3 Re2+ 32. Kf1 h5
33. Bc5 Bd3 34. Kg1 Nb3 35. Ra8+ Kh7 36. Bb4 Ra2 37. h4 Ra1+ 38. Kf2 f6 39. Rc8
Bb5 40. Rc3 Rb1 41. Rc7 Nd4 42. Rc5 Be8 43. Rc8 Bg6 44. Rc7 Rb2+ 45. Kg3 Nf5+
46. Kh3 Ne3 47. g4 hxg4+ 48. fxg4 Nf1 49. Bf8 Rh2# {Normal} 0-1

[Event "Rated Blitz game"]
[Site "?"]
[Date "2021.02.23"]
[Round "?"]
[White "Jenlen3001"]
[Black "Chesspirate_Channel"]
[Result "1-0"]
[WhiteElo "2576"]
[BlackElo "2394"]
[PlyCount "119"]
[EventDate "2021.??.??"]
[EventType "blitz"]

1. e4 e5 2. Nf3 d5 3. Nxe5 Bd6 4. d4 dxe4 5. Nc3 Bxe5 6. dxe5 Qxd1+ 7. Nxd1 Nc6
8. Bf4 Be6 9. Nc3 Nge7 10. O-O-O Ng6 11. Bg3 Ngxe5 12. Nxe4 O-O 13. Nc5 Bc8 14.
Bb5 b6 15. Nd3 Nxd3+ 16. Rxd3 Nb4 17. Rb3 c5 18. a3 Na6 19. Bc6 Be6 20. Bxa8
Rxa8 21. Rd3 c4 22. Rd4 Nc5 23. Rhd1 Nb7 24. h4 Rc8 25. c3 h5 26. Re1 Kh7 27.
Rxe6 fxe6 28. Rd7 Nc5 29. Rxa7 Nb3+ 30. Kd1 Rd8+ 31. Ke1 Rd2 32. Be5 Rxb2 33.
Rxg7+ Kh6 34. Rg5 Nc1 35. Bg7+ Kh7 36. Bd4 Nd3+ 37. Kf1 Rd2 38. Rxh5+ Kg6 39.
Rg5+ Kf7 40. g3 Rd1+ 41. Kg2 Re1 42. Bxb6 Rc1 43. Bd4 Rc2 44. a4 e5 45. Rxe5
Nxe5 46. Bxe5 Rd2 47. a5 Ke6 48. Bd4 Ra2 49. Bb6 Ra3 50. Bd4 Rxa5 51. g4 Rd5
52. Bh8 Rd3 53. f3 Kf7 54. Kg3 Kg6 55. h5+ Kg5 56. Be5 Rd1 57. Bf4+ Kf6 58. Be3
Rd3 59. Kf4 Rxc3 60. Bd4+ {Time forfeit} 1-0